000 00273nam a22001097a 4500
082 _a030
_bKNA/D-27
100 _aKNAPP,BRIAN
245 _aSCIENCE IN OUR WORLD : DON'T WASTE ENERGY
260 _aUK
_bATLANTIC EUROPE PUBLISHING
650 _aGENERAL KNOWLEDGE
_zUK
942 _cBK
999 _c1985
_d1985